Digital communication (Record no. 1563)

MARC details
000 -LEADER
fixed length control field 00354nam a2200145Ia 4500
008 - FIXED-LENGTH DATA ELEMENTS--GENERAL INFORMATION
fixed length control field 221030s9999 xx 000 0 und d
041 ## - LANGUAGE CODE
Language code of text/sound track or separate title
082 ## - DEWEY DECIMAL CLASSIFICATION NUMBER
Classification number 105.23
Item number Chi
100 ## - MAIN ENTRY--AUTHOR NAME
Personal name J. S. Chitode
245 #0 - TITLE STATEMENT
Title Digital communication
Statement of responsibility, etc by J. S. Chitode
260 ## - PUBLICATION, DISTRIBUTION, ETC. (IMPRINT)
Name of publisher Technical Pub.
Place of publication Pune
Year of publication 2001
300 ## - PHYSICAL DESCRIPTION
Number of Pages 384
650 ## - SUBJECT ADDED ENTRY--TOPICAL TERM
Topical Term BE Computer
942 ## - ADDED ENTRY ELEMENTS (KOHA)
Koha item type Books
Holdings
Accession Number Cost, normal purchase price Full call number Price effective from Koha item type Withdrawn / writtenoff status Materials specified (bound volume or other part) Damaged status Not for loan Permanent Location Current Location Shelving location Date acquired Lost/ Missing status department
BE 6252 175.00 105.23 Chi 10/30/2022 Books   Print     MIET Library, Jammu MIET Library, Jammu BL-Academic Block- A, FL-1, CUP-175, SH-2, R-2 12/26/2002   BE